200+ episode shows Quiz Stats

 Plays Quiz not verified by Sporcle

Challenge
Share
Tweet
Embed
Score 0/75 Timer 14:00
0 Plays Today
no. of episodes/years ran Show % Correct
441 (1989-present)The Simpsons
85.5%
236 (1994-2004)Friends
79.3%
251 (1972-1983)Mash
67.1%
275 (1982-1993)Cheers
66.6%
331 (1994-2009)ER
59.8%
429 (1990-present)Law And Order
54.5%
264 (1993-2004)Frasier
53.9%
203 (2000- Present)C.S.I
50%
357 (1978-1991) Dallas
44.2%
633 (1955-1975)Gunsmoke
43.3%
210 (1971-1979)All In The Family
43.1%
255 (1974-1984)Happy Days
40.4%
430 (1959-1972) Bonanza
37.8%
210 (1996-2005)Everybody Loves Raymond
37.4%
221 (1999-present)Law & Order:SVU
31.8%
296 (1990-2000)Beverly Hills 90210
31.4%
218 (1981-1989)Dynasty
30.7%
253 (1975-1985)The Jeffersons
29.8%
250 (1997-present)King of the Hill
29.7%
234 (1957-1963)Leave It To Beaver
27.5%
220 (1988-1997)Roseanne
26.6%
261 (1993-2005)NYPD Blue
26.2%
201 (1991-1999)Home Improvement
25.5%
259 (1987-1997)Married With Children
25.2%
215 (1989-1998)Family Matters
23.1%
227 (1992-present)Melrose Place
22.7%
202 (1993-2002)X-Files
22.4%
207 (1998-2007)The King of Queens
20.3%
254 (1964-1972)Bewitched
20%
249 (1960-1968)Andy Griffith Show
19.1%
265 (1984-1996) Murder She Wrote
18.5%
274 (1962-1971)Beverly Hillbillies
18%
203 (1975-1983)Little House on the Prairie
17.6%
247 (1988-1998)Murphy Brown
15.9%
255 (1977-1986)Love Boat
15.4%
200 (1998-2006)That 70's Show
14.9%
209 (1979-1988)The Facts of Life
14.8%
369 (1960-1972)My Three Sons
14.4%
no. of episodes/years ran Show % Correct
344 (1979-1993)Knot's Landing
12.9%
435 (1952-1966)Ozzie and Harriet
12.7%
224 (1981-1990)Falcon Crest
11.9%
588 (1954-1973)Lassie
11.6%
213 (1972-1981)The Waltons
11.6%
203 (1954-1962)Father Knows Best
11.2%
243 (1989-2001)Baywatch
10.6%
227 (1995-2005)JAG
10.2%
200 (1989-1997)Coach
10.2%
271 (1957-1966)Perry Mason
10%
243 (1996-2007)7th Heaven
10%
216 (1959-1965)Rawhide
9.1%
278 (1968-1980)Hawaii Five-O
8.6%
201 (1976-1985)Alice
8.1%
233 (1995-2004)Drew Carey
8%
274 (1958-1966)Donna Reed
7.4%
203 (1993-2001)Walker, Texas Ranger
7.3%
284 (1957-1965)Wagon Train
6.7%
221 (1949-1957)Lone Ranger
6.7%
209 (1975-1984)One Day At A Time
6.4%
361 (1955-1965) Alfred Hitchcock Presents
5.5%
214 (1997-2007)Stargate SG1
5.5%
212 (1994-2003)Touched by an Angel
5.5%
336 (1953-1964)Make Room For Daddy
5.3%
222 (1963-1970)Petticoat Junction
4.6%
238 (1957-1963)Have Gun Will Travel
4.5%
452 (1952-1972)Death Valley Days
4.2%
249 (1962-1971)The Virginian
4.1%
291 (1950-1958)George Burns
3.6%
239 (1965-1974)The FBI
2.9%
224 (1957-1963)The Real McCoys
1.8%
212 (1953-1958)The Life of Riley
1.6%
276 (1952-1959)Dragnet,Original
1.3%
225 (1953-1961)The Loretta Young Show
1.3%
206 (1958-1964)77 Sunset Strip
1.3%
206 (1955-1960)The Millionaire
1.2%
260 (1949-1954)Suspense
1%

You're not logged in!

Compare scores with friends on all Sporcle quizzes.
Join for Free
OR
Log In

You Might Also Like...

Show Comments

Extras

Created Dec 20, 2009SourceReportNominate
Tags:Show Quiz, 200, episode

Top Quizzes Today


Score Distribution

Your Account Isn't Verified!

In order to create a playlist on Sporcle, you need to verify the email address you used during registration. Go to your Sporcle Settings to finish the process.

Report this User

Report this user for behavior that violates our Community Guidelines.

Details: